[Event "South America-ch U16 17th"]
[Site "Guayaquil"]
[Date "2022.01.28"]
[Round "5"]
[White "Flores Ninacansaya, Fabian Moises"]
[Black "Guaraca Pintado, Juan Pablo"]
[Result "0-1"]
[WhiteElo "1528"]
[BlackElo "1789"]
[PlyCount "88"]
[EventDate "2022.01.25"]
[EventType "swiss"]
[EventRounds "9"]
[EventCountry "ECU"]
[SourceTitle "CBM 206 Extra"]
[Source "ChessBase"]
[SourceDate "2022.03.31"]
[SourceVersion "1"]
[SourceVersionDate "2022.03.31"]
[SourceQuality "1"]

1. e4 c5 2. Nf3 d6 3. Nc3 Nf6 4. d4 cxd4 5. Nxd4 a6 6. Bc4 e6 7. Bb3 Be7 8. Be3 b5 9. 0-0 0-0 10. a3 Qc7 11. f3 Re8 12. g4 Nc6 13. g5 Nxd4 14. Bxd4 Nd7 15. h4 Nc5 16. Ba2 Rb8 17. b4 Nd7 18. Qd2 Nb6 19. f4 Nc4 20. Bxc4 Qxc4 21. Qd3 Qc6 22. h5 Bb7 23. Rf2 Rbc8 24. g6 hxg6 25. hxg6 Qc4 26. gxf7+ Kxf7 27. Rd1 Qxd3 28. Rxd3 Rc4 29. Rh2 Rec8 30. Rhh3 Rf8 31. Rh7 Ke8 32. Rxg7 Rxf4 33. Be3 Rf7 34. Rg4 Bf6 35. Bd2 Bd4+ 36. Kg2 Rf2+ 37. Kg3 Rxd2 38. Rxd2 Rxc3+ 39. Rd3 Be5+ 40. Kh4 Rxc2 41. Rf3 Ke7 42. Kg5 Rc8 43. Rh3 Rg8+ 44. Kh4 Rh8+ 0-1

[Event "ECU-ch"]
[Site "Salinas"]
[Date "2021.12.16"]
[Round "1"]
[White "Alarcon Vega, Icker Aldair"]
[Black "Guaraca Pintado, Juan Pablo"]
[Result "0-1"]
[WhiteElo "1208"]
[BlackElo "1795"]
[PlyCount "78"]
[EventDate "2021.12.16"]
[EventType "swiss"]
[EventRounds "7"]
[EventCountry "ECU"]
[SourceTitle "EXT 2023"]
[Source "ChessBase"]
[SourceDate "2022.10.05"]
[SourceVersion "1"]
[SourceVersionDate "2022.10.05"]
[SourceQuality "1"]

1. e4 c5 2. Nf3 d6 3. Bc4 Nf6 4. Nc3 e6 5. d4 cxd4 6. Qxd4 Be7 7. e5 dxe5 8. Bb5+ Nbd7 9. Nxe5 0-0 10. Nxd7 Nxd7 11. 0-0 Bf6 12. Qd3 Qc7 13. Ne4 Be7 14. f3 Nb6 15. Be3 a6 16. Qd4 Nd5 17. Ba4 Nxe3 18. Qxe3 b5 19. Bb3 a5 20. c3 a4 21. Bc2 b4 22. Rac1 f5 23. Nf2 Bd6 24. h3 Bf4 25. Qe1 Bxc1 26. Qxc1 bxc3 27. Bb1 Rd8 28. bxc3 Ba6 29. Re1 Bc4 30. Nd1 Qb6+ 31. Kh2 Qd6+ 32. Kh1 Qd2 33. Nb2 Qxc1 34. Rxc1 Bd5 35. c4 Rab8 36. cxd5 Rxb2 37. dxe6 g6 38. Re1 Re8 39. Bd3 Re7 0-1

[Event "South America-ch U20"]
[Site "Guayaquil"]
[Date "2021.11.06"]
[Round "8"]
[White "Guaraca Pintado, Juan Pablo"]
[Black "Tobar Beltran, Jorge Esteban"]
[Result "1/2-1/2"]
[WhiteElo "1901"]
[BlackElo "2046"]
[PlyCount "70"]
[EventDate "2021.11.02"]
[EventType "swiss"]
[EventRounds "9"]
[EventCountry "ECU"]
[SourceTitle "CBM 205 Extra"]
[Source "ChessBase"]
[SourceDate "2022.01.31"]
[SourceVersion "1"]
[SourceVersionDate "2022.01.31"]
[SourceQuality "1"]

1. e4 e6 2. d4 d5 3. e5 c5 4. c3 Nc6 5. Nf3 Qb6 6. Bd3 Bd7 7. dxc5 Bxc5 8. 0-0 f6 9. b4 Be7 10. a4 g6 11. Qe2 Nxe5 12. Nxe5 fxe5 13. Qxe5 Bf6 14. Qe2 Bg7 15. Bb5 e5 16. Bxd7+ Kxd7 17. Rd1 Ne7 18. Bg5 Qc6 19. c4 Nf5 20. Rxd5+ Ke8 21. Nc3 Kf7 22. b5 Qe6 23. Re1 Rhe8 24. Be3 h6 25. Ne4 Kg8 26. Nc5 Qf7 27. Rd7 Re7 28. Red1 b6 29. Rxe7 Qxe7 30. Ne4 Qb4 31. Qd2 Qxc4 32. Nd6 Nxd6 33. Qxd6 Qxa4 34. Rc1 Qxb5 35. Qxg6 Qe8 1/2-1/2

[Event "Preinscritos IRT Online"]
[Site "Chess.com INT"]
[Date "2020.12.26"]
[Round "2"]
[White "Guaraca Pintado, Juan Pablo"]
[Black "Obaco Cuenca, Dalthon Farid"]
[Result "0-1"]
[WhiteElo "2113"]
[BlackElo "1776"]
[PlyCount "80"]
[EventDate "2020.12.26"]
[EventType "swiss"]
[EventRounds "11"]
[EventCountry "ECU"]
[SourceTitle "CBM 200 Extra"]
[Source "ChessBase"]
[SourceDate "2021.03.31"]
[SourceVersion "1"]
[SourceVersionDate "2021.03.31"]
[SourceQuality "1"]

1. e4 c5 2. Nf3 d6 3. Bc4 e6 4. c3 Nf6 5. d3 Be7 6. 0-0 0-0 7. Nbd2 a6 8. a4 Qc7 9. Re1 Nbd7 10. Nf1 Rb8 11. Bf4 b5 12. axb5 axb5 13. Bb3 Bb7 14. Rc1 Ra8 15. h3 Rfc8 16. Ne3 Qb6 17. Nh2 Ba6 18. Bc2 b4 19. Nhg4 bxc3 20. bxc3 Rab8 21. Qf3 Qc6 22. Ra1 Rb6 23. c4 Rcb8 24. Ba4 Qc7 25. Bxd7 Qxd7 26. Rac1 Rb2 27. Ra1 Bc8 28. e5 Nh5 29. exd6 Bb7 30. Qd1 Nxf4 31. dxe7 Nxd3 32. e8Q+ Rxe8 33. Re2 Rxe2 34. Qxe2 Nf4 35. Qf3 Bxf3 36. gxf3 h5 37. Ne5 Qd2 38. Rd1 Nxh3+ 39. Kg2 Qxf2+ 40. Kxh3 Qxe3 0-1

[Event "Wch FIDE Online U16 America qual"]
[Site "Tornelo INT"]
[Date "2020.12.03"]
[Round "5"]
[White "Guaraca Pintado, Juan Pablo"]
[Black "Tanaka, Taira Tyler"]
[Result "0-1"]
[WhiteElo "1828"]
[BlackElo "2099"]
[PlyCount "56"]
[EventDate "2020.12.01"]
[EventType "swiss (rapid)"]
[EventRounds "7"]
[EventCountry "ISS"]
[SourceTitle "EXT 2022"]
[Source "ChessBase"]
[SourceDate "2021.10.06"]
[SourceVersion "1"]
[SourceVersionDate "2021.10.06"]
[SourceQuality "1"]

1. e4 c5 2. Nf3 d6 3. Bc4 Nc6 4. b3 Nf6 5. Qe2 a6 6. a4 g6 7. Bb2 Bg7 8. Nc3 0-0 9. 0-0 Bg4 10. Nd5 Nxd5 11. Bxg7 Nf4 12. Qe3 Nxg2 13. Qh6 Bxf3 14. Bxf8 Qxf8 15. Qh3 Ne5 16. Qg3 Qh6 17. c3 Nf4 18. h4 Nxc4 19. Qxf3 Nxd2 20. Qe3 Nxf1 21. Rxf1 Qxh4 22. Qf3 Qg5+ 23. Kh2 Qh5+ 24. Kg3 Ne2+ 25. Kg2 Qxf3+ 26. Kxf3 Nxc3 27. Rc1 Na2 28. Rc4 b5 0-1

[Event "Wch FIDE Online U16 America qual"]
[Site "Tornelo INT"]
[Date "2020.12.02"]
[Round "2"]
[White "Chung, Antonic"]
[Black "Guaraca Pintado, Juan Pablo"]
[Result "0-1"]
[WhiteElo "1422"]
[BlackElo "1828"]
[PlyCount "86"]
[EventDate "2020.12.01"]
[EventType "swiss (rapid)"]
[EventRounds "7"]
[EventCountry "ISS"]
[SourceTitle "EXT 2022"]
[Source "ChessBase"]
[SourceDate "2021.10.06"]
[SourceVersion "1"]
[SourceVersionDate "2021.10.06"]
[SourceQuality "1"]

1. d4 Nf6 2. e3 g6 3. f4 c5 4. Nf3 Bg7 5. Bd3 d5 6. c3 Nc6 7. Nbd2 cxd4 8. exd4 0-0 9. 0-0 Nd7 10. Nb3 f6 11. Re1 e5 12. fxe5 fxe5 13. dxe5 Ndxe5 14. Nxe5 Bxe5 15. Nd2 Qh4 16. Nf3 Rxf3 17. Qxf3 Qxe1+ 18. Qf1 Qxf1+ 19. Bxf1 d4 20. Bc4+ Kg7 21. Bd2 dxc3 22. Bxc3 Bxc3 23. bxc3 Bf5 24. h3 Rd8 25. g4 Bd3 26. Bb3 Ne5 27. Rd1 Rc8 28. Rc1 b5 29. Kf2 Bc4 30. Ke3 Nd3 31. Rc2 a5 32. Bxc4 bxc4 33. Kd4 Kf6 34. a3 g5 35. Rd2 Rd8+ 36. Kxc4 Ne5+ 37. Kb5 Rxd2 38. Kxa5 Rd3 39. Kb4 Rxh3 40. a4 Nc6+ 41. Kb5 Rxc3 42. a5 Nxa5 43. Kxa5 Rb3 0-1

[Event "ECU-ch Schools U15 Clas1"]
[Site "Chess.com INT"]
[Date "2020.11.05"]
[Round "4"]
[White "Guaraca Pintado, Juan Pablo"]
[Black "Marin Gomez, Daniel Alejandro"]
[Result "1-0"]
[WhiteElo "1828"]
[BlackElo "1727"]
[PlyCount "81"]
[EventDate "2020.11.05"]
[EventType "swiss"]
[EventRounds "9"]
[EventCountry "ECU"]
[SourceTitle "EXT 2022"]
[Source "ChessBase"]
[SourceDate "2021.10.06"]
[SourceVersion "1"]
[SourceVersionDate "2021.10.06"]
[SourceQuality "1"]

1. e4 c5 2. Nf3 d6 3. Bc4 Nf6 4. e5 dxe5 5. Nxe5 e6 6. Qe2 Bd6 7. f4 Nc6 8. Nxc6 bxc6 9. Rf1 Qc7 10. g3 0-0 11. Nc3 Nd5 12. Ne4 Nb4 13. d3 a5 14. a3 Nd5 15. Nxd6 Qxd6 16. Qe5 Qxe5+ 17. fxe5 Ne7 18. Be3 Ba6 19. Bxc5 Rfe8 20. Ke2 Ng6 21. Bd6 Bxc4 22. dxc4 Ra7 23. h4 h5 24. Rf3 Rb7 25. Rb3 Rxb3 26. cxb3 f6 27. b4 a4 28. b5 cxb5 29. cxb5 Rc8 30. exf6 Rc2+ 31. Kd3 Rxb2 32. Bb4 gxf6 33. b6 Ne5+ 34. Kc3 Rb3+ 35. Kd4 Nd7 36. b7 Kf7 37. Rc1 Rxg3 38. Rc7 Ke8 39. Rxd7 Kxd7 40. b8Q Rg4+ 41. Kc5 1-0

[Event "ECU-ch Schools U15 Clas1"]
[Site "Chess.com INT"]
[Date "2020.11.05"]
[Round "9"]
[White "Guaraca Pintado, Juan Pablo"]
[Black "Miranda Vargas, Analia Karen"]
[Result "1-0"]
[WhiteElo "1828"]
[BlackElo "1520"]
[PlyCount "71"]
[EventDate "2020.11.05"]
[EventType "swiss"]
[EventRounds "9"]
[EventCountry "ECU"]
[SourceTitle "EXT 2022"]
[Source "ChessBase"]
[SourceDate "2021.10.06"]
[SourceVersion "1"]
[SourceVersionDate "2021.10.06"]
[SourceQuality "1"]

1. e4 e5 2. Nf3 Nc6 3. Bb5 Nf6 4. 0-0 Nxe4 5. Re1 Nd6 6. Bxc6 dxc6 7. Nxe5 Be7 8. d4 0-0 9. Nc3 Bf5 10. Bf4 h6 11. Ne2 Bf6 12. Ng3 Be6 13. Nh5 Bxe5 14. Bxe5 Qg5 15. f4 Qg6 16. h3 Bxh3 17. Qd2 Qxh5 18. gxh3 Qxh3 19. Re3 Qg4+ 20. Kh2 Nf5 21. Rg1 Nxe3 22. Rxg4 Nxg4+ 23. Kg3 Nxe5 24. dxe5 Rad8 25. Qb4 b6 26. Qe7 Rd2 27. f5 Rxc2 28. f6 gxf6 29. exf6 Rxb2 30. Qe3 Kh7 31. Qe4+ Kh8 32. Qf4 Rg8+ 33. Kf3 Kh7 34. Qxc7 Rxa2 35. Qxf7+ Kh8 36. Qxa2 1-0

[Event "ECU-ch"]
[Site "Banos de Agua Santa"]
[Date "2020.03.14"]
[Round "8"]
[White "Reinoso Salas, Daniel Alejandro"]
[Black "Guaraca Pintado, Juan Pablo"]
[Result "1-0"]
[WhiteElo "2095"]
[BlackElo "1750"]
[PlyCount "65"]
[EventDate "2020.03.10"]
[EventType "swiss"]
[EventRounds "9"]
[EventCountry "ECU"]
[SourceTitle "CBM 195 Extra"]
[Source "ChessBase"]
[SourceDate "2020.05.31"]
[SourceVersion "1"]
[SourceVersionDate "2020.05.31"]
[SourceQuality "1"]

1. d4 Nf6 2. c4 g6 3. Nc3 Bg7 4. e4 d6 5. Nf3 0-0 6. Be2 e5 7. 0-0 Nc6 8. d5 Ne7 9. b4 Nh5 10. Re1 f5 11. Ng5 Nf4 12. Bxf4 exf4 13. Rc1 h6 14. Ne6 Bxe6 15. dxe6 fxe4 16. Nxe4 Nc6 17. Nc3 Bxc3 18. Rxc3 Qf6 19. Rc1 Ne7 20. Bf3 Rab8 21. b5 Kg7 22. Re2 Rfd8 23. Qa4 Nf5 24. Qa5 Rdc8 25. Qxa7 Nd4 26. Re4 Nxf3+ 27. gxf3 Re8 28. Rce1 g5 29. e7 Kf7 30. Qa3 Qf5 31. Qd3 Rg8 32. e8Q+ Rgxe8 33. Re7+ 1-0

[Event "ECU-ch U20"]
[Site "Guayaquil"]
[Date "2020.02.23"]
[Round "8"]
[White "Guaraca Pintado, Juan Pablo"]
[Black "Gonzalez Loaiza, Roberth Alberto"]
[Result "0-1"]
[WhiteElo "1818"]
[BlackElo "1499"]
[PlyCount "57"]
[EventDate "2020.02.19"]
[EventType "swiss"]
[EventRounds "9"]
[EventCountry "ECU"]
[SourceTitle "CBM 195 Extra"]
[Source "ChessBase"]
[SourceDate "2020.05.31"]
[SourceVersion "1"]
[SourceVersionDate "2020.05.31"]
[SourceQuality "1"]

1. e4 e5 2. Nf3 Nc6 3. Bb5 a6 4. Ba4 Nf6 5. 0-0 b5 6. Bb3 Be7 7. Re1 d6 8. c3 0-0 9. d3 Na5 10. Bc2 c5 11. Nbd2 Qc7 12. Nf1 Nc6 13. Ne3 Rd8 14. d4 cxd4 15. cxd4 Bf8 16. Bb3 h6 17. Qc2 Qb6 18. Nd5 Nxd5 19. Bxd5 Nb4 20. Bxf7+ Kxf7 21. Qb3+ d5 22. Nxe5+ Kg8 23. Be3 Be6 24. Ng6 Nc6 25. e5 Na5 26. Qd3 Bc8 27. Nf4 Nc4 28. b3 Na5 29. Rac1 0-1

[Event "ECU-ch U20"]
[Site "Guayaquil"]
[Date "2020.02.22"]
[Round "7"]
[White "Echeverria Bravo, Juan Sebastian"]
[Black "Guaraca Pintado, Juan Pablo"]
[Result "0-1"]
[WhiteElo "1625"]
[BlackElo "1818"]
[PlyCount "78"]
[EventDate "2020.02.19"]
[EventType "swiss"]
[EventRounds "9"]
[EventCountry "ECU"]
[SourceTitle "CBM 195 Extra"]
[Source "ChessBase"]
[SourceDate "2020.05.31"]
[SourceVersion "1"]
[SourceVersionDate "2020.05.31"]
[SourceQuality "1"]

1. e4 c5 2. Nf3 d6 3. d4 cxd4 4. Nxd4 Nf6 5. Nc3 g6 6. Be2 Bg7 7. Be3 Nc6 8. 0-0 0-0 9. Nb3 Be6 10. f4 Qc8 11. a3 Rd8 12. Qe1 d5 13. exd5 Nxd5 14. Nxd5 Bxd5 15. Rb1 Qe6 16. Bf3 Bxb3 17. f5 Qxe3+ 18. Qxe3 Bd4 19. Qxd4 Nxd4 20. cxb3 Nxb3 21. fxg6 hxg6 22. Rbe1 Nd2 23. Rf2 Nxf3+ 24. gxf3 e6 25. Rg2 Rd3 26. Rf1 Rad8 27. h3 Kg7 28. Rff2 Kf6 29. Kh2 e5 30. Kg1 g5 31. Kh2 Kf5 32. Kg1 f6 33. Kh2 Rb3 34. Rg3 Rdd3 35. Kg2 Rd1 36. Kh2 b5 37. Kg2 Rb1 38. f4 Rxg3+ 39. Kxg3 gxf4+ 0-1

[Event "ECU-ch U20"]
[Site "Guayaquil"]
[Date "2020.02.22"]
[Round "6"]
[White "Guaraca Pintado, Juan Pablo"]
[Black "Velasco Pilpe, Isacc Israel"]
[Result "0-1"]
[WhiteElo "1818"]
[BlackElo "1776"]
[PlyCount "78"]
[EventDate "2020.02.19"]
[EventType "swiss"]
[EventRounds "9"]
[EventCountry "ECU"]
[SourceTitle "CBM 195 Extra"]
[Source "ChessBase"]
[SourceDate "2020.05.31"]
[SourceVersion "1"]
[SourceVersionDate "2020.05.31"]
[SourceQuality "1"]

1. e4 c5 2. Nf3 e6 3. d4 cxd4 4. Nxd4 Bc5 5. Nb3 Be7 6. c4 d6 7. Be3 Nf6 8. Nc3 0-0 9. Be2 a6 10. 0-0 Nc6 11. f4 Bd7 12. Bf3 Rc8 13. c5 dxc5 14. Nxc5 Qc7 15. e5 Nxe5 16. fxe5 Bxc5 17. Bxc5 Qxc5+ 18. Kh1 Qxe5 19. Bxb7 Rb8 20. Rxf6 Rxb7 21. Rf2 Bc6 22. Qd3 a5 23. Qa6 Qc5 24. Rd2 Rfb8 25. Rad1 g6 26. Rd8+ Rxd8 27. Rxd8+ Kg7 28. Qe2 Qg5 29. Rd6 Rb6 30. Rd4 h5 31. Qf2 Rb4 32. Rxb4 axb4 33. Ne2 e5 34. a3 bxa3 35. bxa3 Qd2 36. Kg1 Bb5 37. Ng3 Qc1+ 38. Nf1 Qxa3 39. g3 Qc1 0-1

[Event "ECU-ch U20"]
[Site "Guayaquil"]
[Date "2020.02.21"]
[Round "5"]
[White "Vergara Loor, Steven"]
[Black "Guaraca Pintado, Juan Pablo"]
[Result "0-1"]
[WhiteElo "1578"]
[BlackElo "1818"]
[PlyCount "38"]
[EventDate "2020.02.19"]
[EventType "swiss"]
[EventRounds "9"]
[EventCountry "ECU"]
[SourceTitle "CBM 195 Extra"]
[Source "ChessBase"]
[SourceDate "2020.05.31"]
[SourceVersion "1"]
[SourceVersionDate "2020.05.31"]
[SourceQuality "1"]

1. c4 e5 2. Nc3 Nc6 3. Nf3 g6 4. d4 exd4 5. Nxd4 Bg7 6. Nxc6 dxc6 7. Qc2 f5 8. h4 Nf6 9. Bg5 h6 10. Bd2 Be6 11. Rd1 Qe7 12. b3 Ng4 13. e3 0-0-0 14. g3 f4 15. gxf4 Bf5 16. Qc1 Bf6 17. Ne2 Bxh4 18. Rxh4 Qxh4 19. Ng3 Qh2 0-1

[Event "ECU-ch U20"]
[Site "Guayaquil"]
[Date "2020.02.20"]
[Round "4"]
[White "Guaraca Pintado, Juan Pablo"]
[Black "Caceres Limones, Danilo"]
[Result "1/2-1/2"]
[WhiteElo "1818"]
[BlackElo "1610"]
[PlyCount "29"]
[EventDate "2020.02.19"]
[EventType "swiss"]
[EventRounds "9"]
[EventCountry "ECU"]
[SourceTitle "CBM 195 Extra"]
[Source "ChessBase"]
[SourceDate "2020.05.31"]
[SourceVersion "1"]
[SourceVersionDate "2020.05.31"]
[SourceQuality "1"]

1. e4 e5 2. Nf3 Nc6 3. Bb5 a6 4. Ba4 Nf6 5. 0-0 b5 6. Bb3 d6 7. c3 Be7 8. d3 0-0 9. Nbd2 Na5 10. Bc2 c5 11. Re1 Re8 12. Nf1 Nc6 13. h3 Bf8 14. N3h2 d5 15. Qf3 1/2-1/2

[Event "ECU-ch U20"]
[Site "Guayaquil"]
[Date "2020.02.20"]
[Round "3"]
[White "Quinde Rizzo, Hugo Josue"]
[Black "Guaraca Pintado, Juan Pablo"]
[Result "0-1"]
[WhiteElo "1539"]
[BlackElo "1818"]
[PlyCount "25"]
[EventDate "2020.02.19"]
[EventType "swiss"]
[EventRounds "9"]
[EventCountry "ECU"]
[SourceTitle "CBM 195 Extra"]
[Source "ChessBase"]
[SourceDate "2020.05.31"]
[SourceVersion "1"]
[SourceVersionDate "2020.05.31"]
[SourceQuality "1"]

1. e4 c5 2. Nc3 Nc6 3. g3 g6 4. Bg2 Bg7 5. Nge2 d6 6. 0-0 e5 7. d3 Nge7 8. f4 0-0 9. Be3 Nd4 10. Qd2 a5 11. fxe5 Nxe2+ 12. Qxe2 Be6 13. Nd1 0-1

[Event "ECU-ch U20"]
[Site "Guayaquil"]
[Date "2020.02.19"]
[Round "2"]
[White "Guaraca Pintado, Juan Pablo"]
[Black "Icaza Munoz, Paul"]
[Result "1-0"]
[WhiteElo "1818"]
[BlackElo "1284"]
[PlyCount "31"]
[EventDate "2020.02.19"]
[EventType "swiss"]
[EventRounds "9"]
[EventCountry "ECU"]
[SourceTitle "CBM 195 Extra"]
[Source "ChessBase"]
[SourceDate "2020.05.31"]
[SourceVersion "1"]
[SourceVersionDate "2020.05.31"]
[SourceQuality "1"]

1. e4 e5 2. Nf3 Nc6 3. Bb5 a6 4. Ba4 Bc5 5. c3 b5 6. Bc2 Nf6 7. 0-0 d6 8. d4 Bb6 9. h3 h6 10. a4 Bd7 11. axb5 axb5 12. Rxa8 Qxa8 13. Na3 exd4 14. cxd4 Nb4 15. Bb1 0-0 16. Nc2 1-0

[Event "South America-ch U14 16th"]
[Site "Buenos Aires"]
[Date "2019.12.05"]
[Round "7.3"]
[White "Guaraca Pintado, Juan Pablo"]
[Black "Vasquez Vargas, Henry Richard"]
[Result "0-1"]
[WhiteElo "1749"]
[BlackElo "2073"]
[PlyCount "72"]
[EventDate "2019.12.01"]
[EventType "swiss"]
[EventRounds "9"]
[EventCountry "ARG"]
[SourceTitle "EXT 2024"]
[Source "ChessBase"]
[SourceDate "2023.10.10"]
[SourceVersion "1"]
[SourceVersionDate "2023.10.10"]
[SourceQuality "1"]

1. e4 c5 2. Nf3 d6 3. d4 cxd4 4. Nxd4 Nf6 5. Nc3 a6 6. h3 e6 7. g4 h6 8. Bg2 g5 9. Be3 Be7 10. Qd2 Nbd7 11. a4 Ne5 12. b3 b6 13. f4 gxf4 14. Bxf4 Qc7 15. 0-0-0 Bb7 16. g5 Nh5 17. g6 Nxf4 18. gxf7+ Nxf7 19. Rdf1 e5 20. Rxf4 exf4 21. Ne6 Qd7 22. Nd5 Rc8 23. Ng7+ Kf8 24. Nxb6 Qc6 25. Ne6+ Kg8 26. Nxc8 Qxc8 27. Nxf4 Rh7 28. Qd4 Bg5 29. Rf1 Qc5 30. Qxc5 dxc5 31. Kb2 Bf6+ 32. Kc1 Rg7 33. Nh5 Bg5+ 34. Kb2 Rg6 35. Rf5 Be3 36. Nf6+ Rxf6 0-1

[Event "South America-ch U14 16th"]
[Site "Buenos Aires"]
[Date "2019.12.04"]
[Round "6.7"]
[White "Guaraca Pintado, Juan Pablo"]
[Black "Gutierrez Reich, Francisco"]
[Result "1-0"]
[WhiteElo "1749"]
[BlackElo "1883"]
[PlyCount "61"]
[EventDate "2019.12.01"]
[EventType "swiss"]
[EventRounds "9"]
[EventCountry "ARG"]
[SourceTitle "EXT 2024"]
[Source "ChessBase"]
[SourceDate "2023.10.10"]
[SourceVersion "1"]
[SourceVersionDate "2023.10.10"]
[SourceQuality "1"]

1. e4 g6 2. d4 Bg7 3. Nc3 d6 4. Be3 Nc6 5. Qd2 e5 6. Nge2 f5 7. f3 Nf6 8. 0-0-0 fxe4 9. Nxe4 Nxe4 10. fxe4 Bg4 11. d5 Nd4 12. Nxd4 exd4 13. Bxd4 Bxd4 14. Bb5+ Bd7 15. Qxd4 0-0 16. Bxd7 Qxd7 17. Rhf1 Qe7 18. Kb1 Rae8 19. Rxf8+ Rxf8 20. Qxa7 Qxe4 21. Qxb7 Qe2 22. Rc1 Rf1 23. Qc8+ Kg7 24. Qxc7+ Kh6 25. b3 Rxc1+ 26. Kxc1 Qe1+ 27. Kb2 Qe5+ 28. Qc3 Qxd5 29. Qf3 Qe5+ 30. c3 Qe1 31. Qh3+ 1-0

[Event "South America-ch U14 16th"]
[Site "Buenos Aires"]
[Date "2019.12.04"]
[Round "5.3"]
[White "Varillas Jimenes, Ivan"]
[Black "Guaraca Pintado, Juan Pablo"]
[Result "1-0"]
[WhiteElo "2014"]
[BlackElo "1749"]
[PlyCount "61"]
[EventDate "2019.12.01"]
[EventType "swiss"]
[EventRounds "9"]
[EventCountry "ARG"]
[SourceTitle "EXT 2024"]
[Source "ChessBase"]
[SourceDate "2023.10.10"]
[SourceVersion "1"]
[SourceVersionDate "2023.10.10"]
[SourceQuality "1"]

1. c4 e5 2. Nc3 Nc6 3. g3 g6 4. Bg2 Bg7 5. d3 Nf6 6. e4 d6 7. Nge2 Nd7 8. 0-0 0-0 9. f4 Nc5 10. f5 Nb4 11. Rf3 gxf5 12. exf5 d5 13. cxd5 Bf6 14. Ne4 Qe7 15. g4 Nxe4 16. dxe4 Rd8 17. a3 Nc6 18. g5 Bh8 19. Rh3 f6 20. gxf6 Bxf6 21. Ng3 Nd4 22. Nh5 Rd6 23. Qg4+ Kh8 24. Rg3 Bd7 25. Bh6 Bb5 26. Bf1 Bxf1 27. Rxf1 Rd7 28. Kh1 Bh4 29. Bg7+ Qxg7 30. Nxg7 Bxg3 31. f6 1-0

[Event "South America-ch U14 16th"]
[Site "Buenos Aires"]
[Date "2019.12.03"]
[Round "4.6"]
[White "Guaraca Pintado, Juan Pablo"]
[Black "Moreno Perez, Tobias Sebastian"]
[Result "1-0"]
[WhiteElo "1749"]
[BlackElo "1829"]
[PlyCount "63"]
[EventDate "2019.12.01"]
[EventType "swiss"]
[EventRounds "9"]
[EventCountry "ARG"]
[SourceTitle "EXT 2024"]
[Source "ChessBase"]
[SourceDate "2023.10.10"]
[SourceVersion "1"]
[SourceVersionDate "2023.10.10"]
[SourceQuality "1"]

1. e4 c6 2. Nc3 d5 3. Nf3 Bg4 4. h3 Bxf3 5. Qxf3 e6 6. g3 Nd7 7. Bg2 Ngf6 8. 0-0 Be7 9. d4 Nxe4 10. Nxe4 dxe4 11. Qxe4 0-0 12. c4 Bf6 13. Be3 Re8 14. f4 Qa5 15. g4 g6 16. Rf2 c5 17. Qxb7 Nb6 18. Bd2 Qa4 19. Bc6 Qxc4 20. Bxe8 Rxe8 21. Rc1 Qxd4 22. g5 Bg7 23. Qxa7 Qd3 24. Kh2 Bd4 25. Rg2 c4 26. b3 cxb3 27. axb3 Ra8 28. Qb7 Ra2 29. Bb4 Rxg2+ 30. Qxg2 Qxb3 31. Qa8+ Nxa8 32. Rc8+ 1-0

[Event "Pan American-ch U14"]
[Site "Guayaquil"]
[Date "2019.07.25"]
[Round "7"]
[White "Melian, Juan Sebastian"]
[Black "Guaraca Pintado, Juan Pablo"]
[Result "1/2-1/2"]
[WhiteElo "1843"]
[BlackElo "1549"]
[PlyCount "72"]
[EventDate "2019.07.21"]
[EventType "swiss"]
[EventRounds "9"]
[EventCountry "ECU"]
[SourceTitle "EXT 2020"]
[Source "ChessBase"]
[SourceDate "2019.10.17"]
[SourceVersion "1"]
[SourceVersionDate "2019.10.17"]
[SourceQuality "1"]

1. d4 Nf6 2. Nf3 g6 3. Bg5 Bg7 4. Nbd2 0-0 5. e4 d6 6. c3 Nc6 7. Be2 Nd7 8. d5 Nce5 9. Nxe5 dxe5 10. Nc4 f5 11. f3 Qe8 12. Be3 b6 13. Qc2 Bb7 14. 0-0-0 e6 15. dxe6 Qxe6 16. Na3 Kh8 17. Nb5 Rfc8 18. c4 f4 19. Bf2 Bf8 20. g3 c6 21. Nc3 Bh6 22. g4 Nf6 23. h4 Nxg4 24. fxg4 f3+ 25. Kb1 fxe2 26. Qxe2 Rd8 27. g5 Bf8 28. h5 Rxd1+ 29. Qxd1 Bb4 30. Qd3 gxh5 31. Qh3 Qxh3 32. Rxh3 Bc8 33. Rxh5 Bg4 34. Rh2 Kg7 35. Be1 Bxc3 36. Bxc3 Re8 1/2-1/2

[Event "Pan American-ch U14"]
[Site "Guayaquil"]
[Date "2019.07.24"]
[Round "6"]
[White "Guaraca Pintado, Juan Pablo"]
[Black "Shubin, Daniel"]
[Result "0-1"]
[WhiteElo "1549"]
[BlackElo "1960"]
[PlyCount "44"]
[EventDate "2019.07.21"]
[EventType "swiss"]
[EventRounds "9"]
[EventCountry "ECU"]
[SourceTitle "EXT 2020"]
[Source "ChessBase"]
[SourceDate "2019.10.17"]
[SourceVersion "1"]
[SourceVersionDate "2019.10.17"]
[SourceQuality "1"]

1. e4 e6 2. d4 d5 3. Nc3 Bb4 4. e5 c5 5. a3 Bxc3+ 6. bxc3 Qc7 7. Qg4 Ne7 8. Qxg7 Rg8 9. Qxh7 cxd4 10. Ne2 Nbc6 11. f4 Bd7 12. Bd2 dxc3 13. Nxc3 a6 14. h4 0-0-0 15. Qxf7 Nf5 16. Rh3 Nxe5 17. fxe5 Qxe5+ 18. Kd1 Rg7 19. Qxg7 Qxg7 20. Bg5 Rh8 21. Rb1 Nxh4 22. Bxh4 Qd4+ 0-1

[Event "ECU-ch U16"]
[Site "Guayaquil"]
[Date "2019.04.20"]
[Round "6"]
[White "Guaraca Pintado, Juan Pablo"]
[Black "Velin Vizuma, Juan Pablo"]
[Result "1-0"]
[WhiteElo "1493"]
[BlackElo "1482"]
[PlyCount "93"]
[EventDate "2019.04.17"]
[EventType "swiss"]
[EventRounds "9"]
[EventCountry "ECU"]
[SourceTitle "CBM 190 Extra"]
[Source "ChessBase"]
[SourceDate "2019.07.15"]
[SourceVersion "1"]
[SourceVersionDate "2019.07.15"]
[SourceQuality "1"]

1. e4 d5 2. exd5 Qxd5 3. Nc3 Qa5 4. d4 Nf6 5. Bd2 Bf5 6. Nf3 Nbd7 7. Bc4 c6 8. 0-0 e6 9. Re1 Qc7 10. Qe2 Bxc2 11. Rac1 Bf5 12. d5 cxd5 13. Bxd5 Qd8 14. Nd4 Nc5 15. Qb5+ Qd7 16. Nxf5 Qxb5 17. Nxb5 Nxd5 18. Nfd6+ Bxd6 19. Nxd6+ Kd7 20. Nxf7 Nd3 21. Nxh8 Nxe1 22. Bxe1 Rxh8 23. Kf1 Rf8 24. g3 Rf5 25. Ke2 Re5+ 26. Kd3 Nf6 27. Bc3 Rc5 28. f4 Ng4 29. Rc2 e5 30. h3 Nf6 31. Bxe5 Rxc2 32. Kxc2 Ne4 33. f5 g6 34. fxg6 hxg6 35. h4 Ke6 36. Bf4 Kf5 37. Kd3 Nf6 38. Kd4 Nh5 39. Bb8 a6 40. Kc5 Kg4 41. b4 b5 42. Kb6 Nxg3 43. Kxa6 Ne4 44. Kxb5 Nc3+ 45. Kc4 Na4 46. Bc7 Kxh4 47. Kb3 1-0